| 000 | 00323 a2200133 4500 | ||
|---|---|---|---|
| 999 |
_c325011 _d325011 |
||
| 001 | 89938 | ||
| 003 | NUST | ||
| 005 | 20180124142252.0 | ||
| 008 | 180124b xxu||||| |||| 00| 0 eng d | ||
| 082 | _a891.4391 WAS | ||
| 100 |
_aWasi Shah _99705 |
||
| 245 |
_aAankhein Bheeg Jaatien Hain _hUrdu |
||
| 260 |
_aLahore _bJasim Publication _c2013 |
||
| 300 | _a128p. | ||
| 500 | _aGeneral Books | ||
| 942 |
_aCAE NUST _cBK _k891.4391 WAS _2ddc |
||